平均駅間距離が短い鉄道会社 - Statistics

General Stats
  • This quiz has been taken 215 times
  • The average score is 8 of 20
Answer Stats
順位 事業者名 駅/1km % Correct
8 広島電鉄 2.167
78%
2 岡山電気軌道 3.200
61%
5 鹿児島市交通局 2.692
59%
3 とさでん交通 3.040
58%
7 阪堺電気軌道 2.222
58%
1 長崎電気軌道 3.250
55%
4 熊本市交通局 2.917
55%
10 万葉線 1.923
42%
12 紀州鉄道 1.667
42%
20 静岡鉄道 1.364
42%
9 京福電気鉄道 2.000
39%
13 江ノ島電鉄 1.500
39%
19 北陸鉄道 1.381
30%
6 函館市企業局交通部 2.364
29%
15 山万 1.500
22%
14 横浜高速鉄道 1.500
19%
11 水間鉄道 1.667
17%
17 銚子電気鉄道 1.429
16%
18 熊本電気鉄道 1.385
14%
16 北九州高速鉄道 1.444
10%
No matching quizzes found
Score Distribution
Percent of People with Each Score
Percentile by Number Answered
Your Score History
You have not taken this quiz